| 000 | 01404nam0a2200349 4500 | ||
|---|---|---|---|
| 001 | RU\NLR\BIBL_A\022663934 | ||
| 005 | 20260209131112.0 | ||
| 010 |
_a978-5-0063-0558-8 _92000 |
||
| 021 |
_aRU _bКН-П-25-058276 _9КН-П-25-5613 |
||
| 035 | _a(NLR Aleph) 022663934 | ||
| 090 |
_a13547289 _c13547289 |
||
| 100 | _a20251112d2025 m y0rusy50 ca | ||
| 101 | 1 |
_arus _ceng |
|
| 102 | _aRU | ||
| 105 | _aa z 000yy | ||
| 181 | 0 |
_ai3 _baxxe |
|
| 182 | 0 | _an | |
| 200 | 1 |
_aНаучись отдыхать _eкак восстанавливаться после физических и интеллектуальных нагрузок _fЭрин Тейлор _gперевод с английского : Марина Николаева |
|
| 203 |
_aТекст _bвизуальный _cнепосредственный |
||
| 210 |
_aМосква _cАльпина Паблишер _d2025 |
||
| 215 |
_a197, [1] c. _cил. _d24 |
||
| 225 | 1 | _aДневник самотерапии | |
| 300 | _aЗагл. и авт. ориг.: Move, rest, recover / Erin Taylor | ||
| 333 | _a16+ | ||
| 454 | 0 |
_12001#$aMove, rest, recover _1700#1$aTaylor$bE.$gErin |
|
| 606 | 1 |
_aЗдоровье _xВлияние отдыха _2nlr_sh1 _2nlr_sh2 _3RU\NLR\AUTH\661384086 |
|
| 686 | 1 | _aР120.4 | |
| 700 | 1 |
_aТейлор _bЭ. _gЭрин |
|
| 942 | _cBOOK | ||
| 980 | _aNB | ||